Statistiques concernant La plus grande ville à 4 lettres de ce pays

Cliquez ici pour prendre le quiz!

Statistiques générales

  • Ce quiz a été pris 98 fois
  • Le résultat moyen est 8 sur 18

Statistiques - réponses

Pays Ville % Correct
ItalieRome
94%
UkraineKiev
92%
FranceLyon
85%
AlgérieOran
67%
Timor OrientalDili
65%
IrelandCork
65%
FidjiSuva
55%
BelgiqueGand
54%
SuisseBâle
46%
ChineXi'an
36%
PolandŁodz
28%
NigeriaKano
28%
RussieOmsk
21%
HungaryPécs
16%
MarocSalé
16%
EgypteSuez
14%
PhilippinesCebu
9%
États-UnisMesa
7%

Distribution des résultats

Percentile par nombre de réponses

% des personnes avec chaque résultat

Votre développement - résultats

Vous n’avez pas pris ce quiz